Countries That Are In Europe And Asia - Statistics

General Stats
  • This quiz has been taken 67 times
  • The average score is 6 of 7
Answer Stats
Country % Correct
Turkey
100%
Russia
95%
Armenia
82%
Cyprus
80%
Georgia
80%
Azerbaijan
76%
Kazakhstan
58%
No matching quizzes found
Score Distribution
Percent of People with Each Score
Percentile by Number Answered
Your Score History
You have not taken this quiz